=LDR 00000nam 2200000 4500 =001 INLIS000000000033851 =005 20130612135802 =008 ***********************************ind** =035 ##$$0010-061300000033851 =041 ##$$a ind =082 ##$$a 657.42 =090 ##$$a 657.42, Mul,a =100 ##$$a Mulyadi =245 ##$$a Akutatansi Biaya, Mulyadi =260 ##$$a 2009 $b Yogyakarta =300 ##$$a xxii,518 hlm., Illus, 27 cm =650 ##$$a Akuntansi Biaya =700 ##$$a Mulyadi =850 ##$$a NBPNMAT